Corporate culture and work Ethics in Indian print media Industry: (Record no. 180777)
[ view plain ]
| 000 -LEADER | |
|---|---|
| fixed length control field | 00674nam a22002057a 4500 |
| 005 - DATE AND TIME OF LATEST TRANSACTION | |
| control field | 20210817161513.0 |
| 010 ## - LCCN (DPL NO) | |
| LC control number | ENG-129879 |
| 020 ## - INTERNATIONAL STANDARD BOOK NUMBER | |
| Terms of availability | 1280.00 |
| 035 ## - SYSTEM CONTROL NUMBER | |
| System control number | EN-113411 |
| 037 ## - SOURCE OF ACQUISITION | |
| Source of stock number/acquisition | DBAD/PUB |
| 082 ## - DEWEY DECIMAL CLASSIFICATION NUMBER | |
| Classification number | 079.5456 |
| 100 ## - MAIN ENTRY--PERSONAL NAME | |
| Personal name | Bhargava,Sheela |
| 245 ## - TITLE STATEMENT | |
| Title | Corporate culture and work Ethics in Indian print media Industry: |
| Statement of responsibility, etc | Sheela Bhargava |
| 250 ## - EDITION STATEMENT | |
| Edition statement | 2021 |
| 260 ## - PUBLICATION, DISTRIBUTION, ETC. (IMPRINT) | |
| Place of publication, distribution, etc | New Delhi |
| Name of publisher, distributor, etc | Knowledge Publisher |
| Date of publication, distribution, etc | 2020 |
| 270 ## - ADDRESS | |
| City | New Delhi |
| Address | 4233/1, First Floor, Ansari Rd, nea, Daryaganj, |
| Postal code | 110002 |
| Telephone number | 91-1123263498 |
| Electronic mail address | production@kwpub.com |
| 300 ## - PHYSICAL DESCRIPTION | |
| Extent | xvi;230p. |
| Dimensions | 22cm (hbk) |
| 500 ## - GENERAL NOTE | |
| General note | includes bibliography |
| 942 ## - ADDED ENTRY ELEMENTS (KOHA) | |
| Source of classification or shelving scheme | Dewey Decimal Classification |
| Item type | English Books |
| Call number prefix | BHA |
| Classification part | 158.1 |
| Withdrawn status | Lost status | Not for loan | Collection code | Home library | Current library | Date acquired | Source of acquisition | Cost, normal purchase price | Full call number | Barcode | Copy number | Cost, replacement price | Koha item type |
|---|---|---|---|---|---|---|---|---|---|---|---|---|---|
| Non-fiction | Shahdara Branch | Shahdara Branch | 17/08/2021 | DBAD/PUB | 1280.00 | 158.1 | EN-113411 | 1 | 1280.00 | English Books |
